=LDR 00000nam 2200000 4500 =001 INLIS000000000001101 =005 20201008114550 =035 ##$$a 0010-061300000001101 =008 201008################g##########0#ind## =041 ##$$a Ind =082 ##$$a 306.01 =090 ##$$a 306.076, Tan =245 1#$$a Tanya jawab ilmu budaya dasar /$c Drs. Joko Tri Prasetya...[ et al. ] =260 ##$$a Jakarta :$b Rineka Cipta,$c 1997 =300 ##$$a vii, 134 hlm, ; $c 20 x 14 cm. =650 #4$$a Ilmu Budaya Dasar - Soal, Evaluasi dsb. =850 ##$$a NBPNMAT =084 ##$$a 306.01 PRA t =100 #$$a Prasetya, Joko Tri =020 ##$$a 9769-518-708-2 =990 ##$$a 107.610/Pb-97 =990 ##$$a 107.611/Pb-97 =990 ##$$a 122.865/Pb-97 =990 ##$$a 122.866/Pb-97 =990 ##$$a 122.867/Pb-97 =990 ##$$a 122.868/Pro.97 =990 ##$$a 1035936 =990 ##$$a 10606472 =990 ##$$a 20610907 =990 ##$$a 122.867/pro97 =990 ##$$a 142.741/Pro-99 =990 ##$$a 107.610/Pb-97 =990 ##$$a 107.611/Pb-97 =990 ##$$a 122.865/Pb-97 =990 ##$$a 122.866/Pb-97 =990 ##$$a 122.867/Pb-97 =990 ##$$a 122.868/Pro.97 =990 ##$$a 1035936 =990 ##$$a 10606472 =990 ##$$a 20610907 =990 ##$$a 122.867/pro97 =990 ##$$a 1035935 =990 ##$$a 107.610/Pb-97 =990 ##$$a 107.611/Pb-97 =990 ##$$a 122.865/Pb-97 =990 ##$$a 122.866/Pb-97 =990 ##$$a 122.867/Pb-97 =990 ##$$a 122.868/Pro.97 =990 ##$$a 1035936 =990 ##$$a 10606472 =990 ##$$a 20610907 =990 ##$$a 122.867/pro97 =990 ##$$a 142.741/Pro-99